00000000nam 2200000zi 4500
0019.560982
003CaOODSP
00520221219103130
007cr |||||||||||
008150406s2006    xxc|||||o    f|0| 0 eng d
022 |a1701-9397
040 |aCaOODSP|beng
043 |an-cn---
0861 |aFB3-2/106-27E-PDF
1001 |aDiez de los Rios, Antonio, |eauthor.
24510|aCan affine term structure models help us predict exchange rates? / |cby Antonio Diez de los Rios.
264 1|bBank of Canada, |cAugust 2006.
300 |a1 online resource (1 volume (50 pages)) : |breferences, tables.
336 |atext|btxt|2rdacontent
337 |acomputer|bc|2rdamedia
338 |aonline resource|bcr|2rdacarrier
4901 |aBank of Canada working paper, |x1701-9397 ; |v2006-27
5203 |aThis working paper is part of a series that examines a range of economic and financial issues of interest to bankers, economists and policymakers.
546 |aRésumé en français.
590 |a06-33|b2006-08-18
69007|aExchange rates|2gcpds
7101 |aCanada.|bBank of Canada, |eissuing body.
7760#|tCan affine term structure models help us predict exchange rates? / |w(CaOODSP)9.617976
830#0|aWorking paper (Bank of Canada)|x1701-9397|v2006-27|w(CaOODSP)9.504604
85640|ahttp://publications.gc.ca|qPDF|s332 KB|uhttps://publications.gc.ca/collections/Collection/FB3-2-106-27E.pdf|y2006-27